[Event "CAN-ch U14 Girls"]
[Site "Victoria"]
[Date "2009.07.22"]
[Round "3"]
[White "Yun, Chang"]
[Black "Kudlak, Kathryn"]
[Result "1-0"]
[WhiteElo "1174"]
[BlackElo "709"]
[PlyCount "49"]
[EventDate "2009.07.21"]
[EventType "swiss"]
[EventRounds "7"]
[EventCountry "CAN"]
[SourceTitle "EXT 2011"]
[Source "ChessBase"]
[SourceDate "2010.11.26"]
[SourceVersion "1"]
[SourceVersionDate "2010.11.26"]
[SourceQuality "1"]

1. e4 e5 2. Nf3 d6 3. d4 exd4 4. Nxd4 d5 5. exd5 Qe7+ 6. Be2 c6 7. dxc6 bxc6 8. 0-0 Ba6 9. Bxa6 Nxa6 10. Re1 0-0-0 11. Rxe7 Nxe7 12. Qg4+ Kb8 13. Bf4+ Kb7 14. Be3 c5 15. Nb3 c4 16. Na5+ Kc7 17. Bf4+ Kb6 18. Nxc4+ Kb5 19. Nd6+ Kc6 20. Nxf7 Rg8 21. Nxd8+ Kb6 22. Qe6+ Ka5 23. Nb7+ Kb4 24. a3+ Ka4 25. Qb3# 1-0